| 000 | 00371nam a22001337a 4500 | ||
|---|---|---|---|
| 082 | _a624.1 WIN'D | ||
| 100 |
_aNILSON, A. H,WINTER, GEORGE _978071 |
||
| 245 | _aDESIGN OF CONCRETE STRUCTURES | ||
| 250 | _a8TH | ||
| 260 |
_aTOKYO _bMCGRAW HILL _c1972 |
||
| 300 | _a615P | ||
| 650 |
_aREINHOLD CONCRETE CONSTRUCTION PRESTRESSED CONCRETE CONSTRUCTION _978072 |
||
| 942 | _cBK | ||
| 999 |
_c583227 _d583227 |
||